Score 0/22 Timer 01:30
1 Play Today
Hint Answer % Correct
One of the continentsAsia
90.3%
One of the continentsNorth America
82.7%
One of the continentsSouth America
82.5%
One of the continentsEurope
82.1%
One of the continentsAfrica
81.6%
One of the continentsAustralia
63.3%
One of the continentsAntarctica
57.7%
line of latitude at 0 degreesEquator
53.6%
line of latitude at 23.5 degrees NorthTropic of Cancer
30.5%
body of water west of North AmericaPacific Ocean
30%
line of latitude at 23.5 degrees SouthTropic of Capricorn
28.3%
Hint Answer % Correct
body of water east of North AmericaAtlantic Ocean
27.9%
body of water located to the east of AfricaIndian Ocean
22%
line of longitude at 0 degreesPrime Meridian
21.2%
body of water located north of CanadaArctic Ocean
16.2%
line of latitude at 66.5 degrees NorthArctic Circle
14.3%
line of latitude at 66.5 degrees SouthAntarctic Circle
11.7%
line of longitude at 180 degreesInternational Date Line
10.2%
body of water located north of AntarcticaSouthern Ocean
8.9%
N,S, E, Wcardinal directions
8%
symbol used to determine directioncompass rose
6.9%
NE, SE, NW, SWintermediate directions
1.5%
Remove Ads.
Support Sporcle.
Get the best of Sporcle when you Go Orange. This ad-free experience offers more features, more stats, and more fun while also helping to support Sporcle. Thank you for becoming a member.

You're not logged in!

Compare scores with friends on all Sporcle quizzes.
OR
Log In

Show Comments

Extras

Top Quizzes Today


Score Distribution

Your Account Isn't Verified!

In order to create a playlist on Sporcle, you need to verify the email address you used during registration. Go to your Sporcle Settings to finish the process.

Report this User

Report this user for behavior that violates our Community Guidelines.

Details: